Rubber test methods: 1955 international meeting (Record no. 68028)

MARC details
000 -LEADER
fixed length control field 00322nam a2200121Ia 4500
100 ## - MAIN ENTRY--AUTHOR NAME
Personal name Scott J R
245 #0 - TITLE STATEMENT
Title Rubber test methods: 1955 international meeting
260 ## - PUBLICATION, DISTRIBUTION, ETC. (IMPRINT)
Name of publisher Proceedings of the IRI
Year of publication 1955
300 ## - PHYSICAL DESCRIPTION
Number of Pages 208-215
650 ## - SUBJECT ADDED ENTRY--TOPICAL TERM
Topical Term Rubber test methods
942 ## - ADDED ENTRY ELEMENTS (KOHA)
Koha item type Journals
Holdings
Withdrawn status Lost status Damaged status Not for loan Home library Current library Shelving location Date acquired Serial Enumeration / chronology Koha item type
      Journals RRII Library RRII Library Rubber chemistry 17/12/2021 Volume 2, Issue 6 Journals